000 00315nam a22001337a 4500
008 180206b xxu||||| |||| 00| 0 eng d
020 _a9780735550636
041 _aeng
080 _a345.73
100 _a13
101 _aSHJ
245 _aCriminal Procedure II: From Bail to Jail
_cSinger, R.G
942 _2udc
_cBK
999 _c41901
_d41901